|
|
|
|
| LEADER |
00000nam a2200000 a 4500 |
| 001 |
vtls008157123 |
| 003 |
SK-MaSNL |
| 005 |
20260331204231.0 |
| 008 |
251120s2004 xo a j f000 0 slo |
| 013 |
|
|
|a 284037
|b SK
|c patent
|d 20040803
|e dátum nadobudnutia účinkov patentu (Vestník ÚPV SR č.:8/2004 )
|d 20040722
|e dátum sprístupnenia patentu
|
| 013 |
|
|
|a 1381-93
|e číslo prihlášky
|d 19931208
|e dátum podania prihlášky
|d 19940706
|e dátum zverejnenia prihlášky (Vestník ÚPV SR č.: )
|
| 013 |
|
|
|a 07/998 496
|e číslo prioritnej prihlášky
|d 19921230
|e dátum podania prioritnej prihlášky
|b US
|e kód krajiny prioritnej prihlášky
|
| 015 |
|
|
|a SNBN2013
|
| 040 |
|
|
|a SNK
|b slo
|c SNK
|e AACR2
|
| 041 |
0 |
|
|a slo
|
| 044 |
|
|
|a xo
|c SK
|
| 072 |
|
7 |
|a 616
|x Patológia. Klinická medicína
|2 konspekt
|
| 072 |
|
7 |
|a 615
|x Farmácia. Farmakológia
|2 konspekt
|
| 080 |
|
|
|a 616-74
|2 2001
|
| 080 |
|
|
|a 615.477.7
|2 2001
|
| 084 |
|
|
|a A61F 13/64
|2 IPC
|
| 084 |
|
|
|a A61F 13/62
|2 IPC
|
| 100 |
1 |
|
|a Kuen, David Arthur
|4 org
|9 306055
|
| 245 |
1 |
0 |
|a Kus odevu
|c David Arthur Kuen, Alan Francis Schleinz ; patent. zást. Eva Bušová
|
| 260 |
|
|
|a [Banská Bystrica]
|b Úrad priemyselného vlastníctva Slovenskej republiky
|c [2004]
|
| 300 |
|
|
|a 17 s.
|b obr.
|c 30 cm
|
| 650 |
0 |
7 |
|a zdravotné pomôcky
|2 SNKPH
|9 4178
|
| 650 |
0 |
7 |
|a Medical supplies
|2 SNKPHeng
|9 306056
|
| 650 |
0 |
7 |
|a kompenzačné pomôcky
|2 SNKPH
|9 72687
|
| 650 |
0 |
7 |
|a Compensatory aids
|2 SNKPHeng
|9 306057
|
| 650 |
0 |
7 |
|a absorpčné výrobky
|2 SNKPH
|9 306058
|
| 650 |
0 |
7 |
|a plienkové nohavičky
|2 SNKPH
|9 306059
|
| 655 |
|
7 |
|a patenty
|2 SNKPH
|9 177343
|
| 655 |
|
7 |
|a patent licenses
|2 SNKPHeng
|9 303430
|
| 700 |
1 |
|
|a Schleinz, Alan Francis
|4 org
|9 306060
|
| 700 |
1 |
|
|a Bušová, Eva
|4 oth
|9 297878
|
| 710 |
2 |
|
|a Kimberly-Clark Worldwide, Inc. (Neenah, Spojené štáty americké)
|4 pth
|9 306061
|
| 999 |
|
|
|c 561429
|d 563359
|
| 952 |
|
|
|a SNK
|b SNK
|y PREZ
|7 0
|p 17A0467428
|o snkSK 284037
|i snk2005/9147
|8 0
|0 0
|1 0
|4 0
|d 2005-05-30
|l 0
|r 2026-02-23 13:42:33
|w 2026-02-23
|